Darts Players who have got 9 darters - Statistics

General Stats
  • This quiz has been taken 1,016 times
  • The average score is 9 of 23
Answer Stats
Number of 9 darters Player % Correct
11 Phil Taylor
98%
5 Michael van Gerwen
88%
5 Raymond van Barneveld
76%
2 Gary Anderson
74%
3 Adrian Lewis
72%
2 James Wade
72%
1 Robert Thornton
36%
1 John Part
35%
1 Simon Whitlock
34%
1 Brendan Dolan
33%
1 Paul Lim
31%
1 John Lowe
30%
1 Dave Chisnall
29%
1 Kyle Anderson
25%
1 Terry Jenkins
25%
1 Dean Winstanley
24%
1 Kim Huybrechts
19%
2 Mervyn King
16%
1 Wes Newton
16%
1 Shaun Greatbatch
7%
1 Tony O'Shea
7%
2 Darryl Fitton
6%
1 John Walton
5%
No matching quizzes found
Score Distribution
Percent of People with Each Score
Percentile by Number Answered
Your Score History
You have not taken this quiz